London offices still most expensive (Record no. 71922)
[ view plain ]
| 000 -LEADER | |
|---|---|
| fixed length control field | 00989cam a2200217 4500 |
| 001 - CONTROL NUMBER | |
| control field | WB3902-09 |
| 008 - FIXED-LENGTH DATA ELEMENTS--GENERAL INFORMATION | |
| fixed length control field | 030103n2003 000 0 eng u |
| 035 ## - SYSTEM CONTROL NUMBER | |
| System control number | (Sirsi) u121026 |
| 245 ## - TITLE STATEMENT | |
| Title | London offices still most expensive |
| 260 ## - PUBLICATION, DISTRIBUTION, ETC. | |
| Date of publication, distribution, etc. | 2003 |
| 490 ## - SERIES STATEMENT | |
| Series statement | DTZ Press Release |
| Volume/sequential designation | 3 January 2003, (2) |
| 520 ## - SUMMARY, ETC. | |
| Summary, etc. | DTZ's sixth annual "Global office occupancy costs survey" reveals that London is still the world's most expensive office location, with Birmingham and Manchester ranking sixth and tenth respectively. Office markets in most international cities weakened during 2002. Survey available from www.dtzresearch.com www.dtz.com/www/dtzglobal.nsf/docs/5HFDRXPSID?opendocument&subcat=&lang=1 |
| 590 ## - LOCAL NOTE (RLIN) | |
| Local note | WB |
| 650 ## - SUBJECT ADDED ENTRY--TOPICAL TERM | |
| Topical term or geographic name entry element | LONDON |
| 650 ## - SUBJECT ADDED ENTRY--TOPICAL TERM | |
| Topical term or geographic name entry element | PROPERTY-COMMERCIAL PROPERTY-OFFICE PROPERTY-OFFICE PROPERTY MARKET |
| 650 ## - SUBJECT ADDED ENTRY--TOPICAL TERM | |
| Topical term or geographic name entry element | DTZ |
| 650 ## - SUBJECT ADDED ENTRY--TOPICAL TERM | |
| Topical term or geographic name entry element | OCCUPANCY COSTS |
| 650 ## - SUBJECT ADDED ENTRY--TOPICAL TERM | |
| Topical term or geographic name entry element | OFFICE SPACE |
| 690 ## - LOCAL SUBJECT ADDED ENTRY--TOPICAL TERM (OCLC, RLIN) | |
| Topical term or geographic name as entry element | PROPERTY-COMMERCIAL PROPERTY-COMMERCIAL PROPERTY MARKET |
| 942 ## - ADDED ENTRY ELEMENTS (KOHA) | |
| Suppress in OPAC | 0 |
| Withdrawn status | Lost status | Source of classification or shelving scheme | Damaged status | Not for loan | Home library | Current library | Shelving location | Date acquired | Total Checkouts | Full call number | Barcode | Date last seen | Copy number | Price effective from | Koha item type |
|---|---|---|---|---|---|---|---|---|---|---|---|---|---|---|---|
| Dewey Decimal Classification | London | London | News article | 15/01/2003 | WB3902-09 | 121026-1001 | 06/08/2019 | 1 | 06/08/2019 | News article |